000 00691nam a22001817a 4500
003 BUBTL
008 200206b xxu||||| |||| 00| 0 eng d
020 _a984465145X
082 _a954.925 / Sa333p
100 _92999
_aসালিম, আহমেদ
245 _aপাকিস্তানের কারাগারে শেখ মুজিবের বন্দী জীবন /
_cআহমেদ সালিম
260 _aঢাকা :
_bসাহিত্য প্রকাশ,
_cc1998.
300 _a109 p. :
_c22 cm.
650 0 _91755
_aমুক্তিযুদ্ধ
856 _k0
_l0
_yDownload
942 _2ddc
_cBK
999 _c6269
_d6269